书目信息 |
| 题名: |
创造性思维理论
|
|
| 作者: | 何克抗 著 | |
| 分册: | ||
| 出版信息: | 北京 北京师范大学出版社 2000 |
|
| 页数: | 261页 | |
| 开本: | 21cm | |
| 丛书名: | ||
| 单 册: | ||
| 中图分类: | B804.4 | |
| 科图分类: | ||
| 主题词: | 思维科学 , 创造性思维--研究 | |
| 电子资源: | ||
| ISBN: | 7-303-05605-X | |
| 000 | 00701nam0 2200217 45 | |
| 001 | 0304081599 | |
| 005 | 20031219104108.9 | |
| 010 | @a7-303-05605-X@dCNY12.00 | |
| 100 | @a20030408d2000 km y0chiy0120 ea | |
| 101 | 0 | @achi |
| 105 | @a z 000yy | |
| 200 | 1 | @a创造性思维理论@AChuang Zao Xing Si Wei Li Lun@eDC模型的建构与论证@EDC Mo Xing De Jian Gou Yu Lun Zheng@f何克抗著@FHe Ke Kang Zhu |
| 210 | @a北京@c北京师范大学出版社@d2000 | |
| 215 | @a261页@d21cm | |
| 517 | 1 | @aDC模型的建构与论证@ADC Mo Xing De Jian Gou Yu Lun Zheng |
| 606 | 0 | @a思维科学 |
| 606 | 0 | @a创造性思维@x研究 |
| 690 | @aB804.4@v4 | |
| 701 | 0 | @a何克抗@4著 |
| 801 | @aCN@bTSTC@c20030408 | |
| 905 | @b322353-357@dB804.4@e14@f5 | |
| 创造性思维理论:DC模型的建构与论证/何克抗著.-北京:北京师范大学出版社,2000 |
| 261页;21cm |
| ISBN 7-303-05605-X:CNY12.00 |
| ● |
| 相关链接 |
|
|
|
|
正题名:创造性思维理论
索取号:B804.4/14
 
预约/预借
| 序号 | 登录号 | 条形码 | 馆藏地/架位号 | 状态 | 备注 |
| 1 | 0322353 | 203223537 | 第一借阅区/ [索取号:B804.4/14] | 在馆 | |
| 2 | 0322354 | 203223546 | 第一借阅区/ [索取号:B804.4/14] | 在馆 | |
| 3 | 0322355 | 203223555 | 第一借阅区/ [索取号:B804.4/14] | 在馆 | |
| 4 | 0322356 | 203223564 | 第一借阅区/ [索取号:B804.4/14] | 在馆 | |
| 5 | 0322357 | 203223573 | 第一样本阅览室/ [索取号:B804.4/14] | 在馆 |